00485nam a22001337a 4500008004100000082002000041245007100061260007100132300000800203440001400211942001200225999001500237952009900252230626b xxu||||| |||| 00| 0 eng d a328.3bKEN 2004 aParliamentary NotebA Human Rights Brief for Members of Parliament aKenyabKenya Section of the International Commission Juristsc2004 a14p n1pIssues 2ddccBK c2618d2618 00102ddc4070a002b002d2023-06-26l0o328.3 KEN 2004p10013978r2023-06-26w2023-06-26yBK